The emergence of the middle class Social experience in the American city, 1760-1900
This book looks past old clichés to trace, in the experiences and social identities of urban middling folk, the emergence of a recognizable and self-aware "middle class" between the era of the American Revolution and the end of the nineteenth century
में बचाया:
| मुख्य लेखक: | |
|---|---|
| स्वरूप: | पुस्तक |
| भाषा: | Undetermined |
| प्रकाशित: |
Cambridge, New York
Cambridge Univ. Press
1989
|
| विषय: | |
| टैग : |
टैग जोड़ें
कोई टैग नहीं, इस रिकॉर्ड को टैग करने वाले पहले व्यक्ति बनें!
|
| Thư viện lưu trữ: | Trung tâm Học liệu Trường Đại học Cần Thơ |
|---|
| LEADER | 00958nam a2200217Ia 4500 | ||
|---|---|---|---|
| 001 | CTU_27199 | ||
| 008 | 210402s9999 xx 000 0 und d | ||
| 020 | |b 68.91Dfl | ||
| 082 | |a 305.550973 | ||
| 082 | |b B658 | ||
| 100 | |a Stuart M Blumin | ||
| 245 | 4 | |a The emergence of the middle class | |
| 245 | 0 | |b Social experience in the American city, 1760-1900 | |
| 245 | 0 | |c Stuart M Blumin | |
| 260 | |a Cambridge, New York | ||
| 260 | |b Cambridge Univ. Press | ||
| 260 | |c 1989 | ||
| 520 | |a This book looks past old clichés to trace, in the experiences and social identities of urban middling folk, the emergence of a recognizable and self-aware "middle class" between the era of the American Revolution and the end of the nineteenth century | ||
| 650 | |a middle classes - united states - history - 18th century,middle classes - united states - history - 19th century | ||
| 904 | |i Minh, 981203 | ||
| 980 | |a Trung tâm Học liệu Trường Đại học Cần Thơ | ||